| 000 | 00532nam a2200193 a 4500 | ||
|---|---|---|---|
| 001 | BRCA_6729 | ||
| 005 | 20190320205552.0 | ||
| 008 | 201011s1921----gw-#######---#000-0#ger-# | ||
| 041 | _ager | ||
| 044 |
_agw _c.W65 1921 |
||
| 100 | 1 |
_aWolff, Johanna _916809 |
|
| 245 | 1 | 0 |
_aHans Peter Kromm der Lebendige _bEine Geschichte von Ufer zu Ufer _cvon Johanna Wolff. |
| 260 |
_aBerlĂn _bSchuster & Loeffler _c1921 |
||
| 300 |
_a545 p. _c18 cm. |
||
| 500 | _aL66 | ||
| 650 | 1 | 4 |
_aLiteratura Alemana _96160 |
| 902 | _aGFM | ||
| 942 |
_2lcc _cB |
||
| 999 |
_c6412 _d6412 |
||